000 00991cam a2200325 a 4500
001 268000
003 ARRUPE
005 20160915102048.0
008 841025s1984 enk b 001 0 eng
010 _a 83025244
020 _a0198247303 :
_c$27.50
020 _a0198247613 (pbk.) :
_c$10.95
035 _a(OCoLC)10207951
035 _a(OCoLC)ocm10207951
035 _a(CStRLIN)NYCG84-B73151
035 _a(NNC)268000
040 _dCStRLIN
_cArrupe
050 0 _aB837
_b.S87 1984
082 0 _a121
_219
090 _aB837
_b.S87 1984
100 1 _aStroud, Barry.
_925872
245 1 4 _aThe significance of philosophical scepticism /
_cBarry Stroud.
260 _aOxford [Oxfordshire] :
_bClarendon Press ;
_aNew York :
_bOxford University Press,
_c1984.
300 _axiv, 277 p. ;
_c22 cm.
504 _aIncludes bibliographical references and index.
650 0 _aSkepticism.
_9499
650 0 _aKnowledge, Theory of.
_925873
942 _2lcc
_cMONOGRAPH
999 _c125259
_d125259